Score 0/9 Timer 10:00
0 Plays Today
Question Answer Wrong Answers
Where did Koulme go after Oke? Duchy
100%
Exeter
0%
Apprenticeship
0%
McDonald’s
0%
Who did Koulme get angry at in year 9 after a phone prank? James
100%
Mati
0%
Ollie
0%
Sol
0%
What was Koulme known for at the end of year 11? His singing
100%
His personality
0%
His smell
0%
His laugh
0%
What animals does Koulme work with? Ponies
100%
Snakes
0%
Bears
0%
Children
0%
What is his first name? Only know him as Koulme
50%
Ben
0%
Luke
50%
Don’t know
0%
What is Koulme known for know? His cracking snap chat
50%
His humour
0%
Being Koulme
0%
His bod
50%
How many times has Koulme tried to pull? Too many
50%
1
0%
5
0%
10
50%
Why did Koulme decide to work with kids? To be in a class of women
50%
To be with kids
50%
To be a carer
0%
To develop
0%
Where did Koulme meet a 16 year old girl? Tinder
0%
Coop
50%
Back of an alley
50%
Facebook
0%
Remove Ads.
Support Sporcle.
Get the best of Sporcle when you Go Orange. This ad-free experience offers more features, more stats, and more fun while also helping to support Sporcle. Thank you for becoming a member.

You're not logged in!

Compare scores with friends on all Sporcle quizzes.
OR
Log In

Sporcle TV

Today on Sporcle TV


Watch our educational content, quiz creation guides, and fun videos on Sporcle TV.

Show Comments

Extras

Created Nov 20, 2017ReportNominate

Top Quizzes Today


Score Distribution

Paid Content

Your Account Isn't Verified!

In order to create a playlist on Sporcle, you need to verify the email address you used during registration. Go to your Sporcle Settings to finish the process.

Report this User

Report this user for behavior that violates our Community Guidelines.

Details: